Jaka to rasa psa *Dla Kolegi Ignacego* - Statystyki

Ogólne statystyki
  • Ten quiz został rozwiązany 295 razy
  • Średni wynik to 5 z 18
Statystyki odpowiedzi
Obrazkowy Odpowiedź % Poprawnych
Husky
82%
Buldog
79%
Doberman
75%
Chow chow
44%
Cocker spaniel
43%
Sznaucer
39%
Bulterier
26%
Collie
25%
Pomeranian
21%
Papillon
20%
Yorkshire terier
14%
Whippet
11%
Basenji
8%
Greyhound
6%
Terier szkocki
6%
Saluki
5%
Keeshond
2%
Owczarek pirenejski
1%
Nie znaleziono quizów pasujących do podanych kryteriów
Rozkład punktacji
Procent ludzi z każdym wynikiem
Percentyl według liczby udzielonych odpowiedzi
Twoja historia wyników
Nie rozwiązałeś tego quizu